[Event "Batik Memorial"]
[Site "?"]
[Date "2003.??.??"]
[Round "?"]
[White "Balabaev, Farit Gasisovich"]
[Black "Frey Beckman, Kenneth"]
[Result "1/2-1/2"]
[WhiteElo "2604"]
[BlackElo "2693"]
[PlyCount "55"]
[EventDate "2003.??.??"]
[EventType "corr"]
[SourceDate "2004.06.03"]

1. e4 e5 2. Nf3 Nc6 3. Bb5 a6 4. Ba4 Nf6 5. O-O Be7 6. Re1 b5 7. Bb3 d6 8. c3
O-O 9. h3 Re8 10. d4 Bb7 11. Nbd2 Bf8 12. a4 h6 13. Bc2 exd4 14. cxd4 Nb4 15.
Bb1 c5 16. d5 Nd7 17. Ra3 c4 18. axb5 axb5 19. Nd4 Rxa3 20. bxa3 Nd3 21. Bxd3
cxd3 22. Re3 Nc5 23. Bb2 Qa5 24. Qc1 b4 25. axb4 Qxb4 26. Bc3 Qa4 27. Qb2 Ra8
28. Nf5 1/2-1/2

[Event "Batik Memorial"]
[Site "?"]
[Date "2003.??.??"]
[Round "?"]
[White "Balabaev, Farit Gasisovich"]
[Black "Hiltunen, Reijo"]
[Result "1/2-1/2"]
[WhiteElo "2604"]
[BlackElo "2519"]
[PlyCount "42"]
[EventDate "2003.??.??"]
[EventType "corr"]
[SourceDate "2004.06.03"]

1. e4 c5 2. Nf3 d6 3. d4 cxd4 4. Nxd4 Nf6 5. Nc3 a6 6. Be3 e5 7. Nb3 Be6 8. f3
h5 9. Qd2 Nbd7 10. a4 Qc7 11. a5 Rc8 12. Be2 Qc6 13. O-O d5 14. exd5 Nxd5 15.
Nxd5 Qxd5 16. Bd3 Nc5 17. Nxc5 Bxc5 18. Rae1 O-O 19. Bxc5 Qxc5+ 20. Rf2 Rfd8
21. b4 Qc7 1/2-1/2

[Event "Batik Memorial"]
[Site "?"]
[Date "2003.??.??"]
[Round "?"]
[White "Balabaev, Farit Gasisovich"]
[Black "Maliangkay, Rudolf J"]
[Result "1/2-1/2"]
[WhiteElo "2604"]
[BlackElo "2581"]
[PlyCount "65"]
[EventDate "2003.??.??"]
[EventType "corr"]
[SourceDate "2004.06.03"]

1. e4 c5 2. Nf3 e6 3. d4 cxd4 4. Nxd4 Nf6 5. Nc3 d6 6. Be3 a6 7. f3 b5 8. g4
Bb7 9. Qd2 h6 10. O-O-O Nbd7 11. h4 b4 12. Na4 Qa5 13. b3 Be7 14. Bh3 Ne5 15.
g5 Nfd7 16. a3 d5 17. gxh6 gxh6 18. Nxe6 fxe6 19. Bxe6 Bc6 20. Qd4 Rh7 21. exd5
Bxa4 22. bxa4 Bd6 23. f4 Nf3 24. Qe4 Re7 25. Qxf3 bxa3 26. Rd3 Rb8 27. Bd2 Qxa4
28. Rb3 Rxb3 29. cxb3 a2 30. Bxd7+ Kxd7 31. Kb2 Qd4+ 32. Qc3 Qxc3+ 33. Kxc3
1/2-1/2

[Event "Batik Memorial"]
[Site "?"]
[Date "2003.??.??"]
[Round "?"]
[White "Balabaev, Farit Gasisovich"]
[Black "Marczell, Peter"]
[Result "1/2-1/2"]
[WhiteElo "2604"]
[BlackElo "2596"]
[PlyCount "55"]
[EventDate "2003.??.??"]
[EventType "corr"]
[SourceDate "2004.06.03"]

1. e4 e5 2. Nf3 Nc6 3. Bb5 a6 4. Ba4 Nf6 5. O-O Be7 6. Re1 b5 7. Bb3 d6 8. c3
O-O 9. h3 Bb7 10. d4 Re8 11. Nbd2 Bf8 12. a4 h6 13. Bc2 Nb8 14. Bd3 c6 15. Nf1
Nbd7 16. Ng3 g6 17. Bd2 Bg7 18. Qc1 Kh7 19. b3 Rc8 20. Qc2 Qb6 21. axb5 axb5
22. b4 Qc7 23. Be3 Nb6 24. Ra7 Nfd7 25. dxe5 Nxe5 26. Nxe5 dxe5 27. Rea1 Rcd8
28. Nf1 1/2-1/2

[Event "Batik Memorial"]
[Site "?"]
[Date "2003.??.??"]
[Round "?"]
[White "Balabaev, Farit Gasisovich"]
[Black "Mrkvicka, Josef"]
[Result "1/2-1/2"]
[WhiteElo "2604"]
[BlackElo "2513"]
[PlyCount "41"]
[EventDate "2003.??.??"]
[EventType "corr"]
[SourceDate "2004.06.03"]

1. e4 e6 2. d4 d5 3. Nc3 Bb4 4. e5 c5 5. a3 Bxc3+ 6. bxc3 Ne7 7. Qg4 O-O 8. Bd3
Nbc6 9. Qh5 Ng6 10. Nf3 Qc7 11. Be3 c4 12. Bxg6 fxg6 13. Qg4 Bd7 14. h4 Rf5 15.
h5 gxh5 16. Rxh5 Raf8 17. Rh3 Be8 18. Ng5 Qa5 19. Kd2 Rxg5 20. Bxg5 Rxf2+ 21.
Kc1 1/2-1/2

[Event "Batik Memorial"]
[Site "?"]
[Date "2003.??.??"]
[Round "?"]
[White "Balabaev, Farit Gasisovich"]
[Black "Nyvlt, Zdenek"]
[Result "1/2-1/2"]
[WhiteElo "2604"]
[BlackElo "2635"]
[PlyCount "61"]
[EventDate "2003.??.??"]
[EventType "corr"]
[SourceDate "2004.06.03"]

1. e4 d6 2. d4 Nf6 3. Nc3 g6 4. Be3 c6 5. h3 Bg7 6. Qd2 O-O 7. Nf3 b5 8. Bd3
Re8 9. O-O e5 10. dxe5 dxe5 11. Rfd1 Qe7 12. Ne2 Nbd7 13. a4 Nc5 14. axb5 Ncxe4
15. Qa5 Bb7 16. bxc6 Bxc6 17. b4 Nd6 18. Bc5 Bxf3 19. gxf3 Red8 20. Ng3 Qe6 21.
Qa6 Bf8 22. Bf1 Nfe8 23. c4 Nc7 24. Qc6 Nde8 25. Qxe6 Nxe6 26. Rxd8 Nxd8 27.
Bxf8 Kxf8 28. b5 f5 29. Ne2 Nb7 30. Nc3 Nf6 31. Ra6 1/2-1/2

[Event "Batik Memorial"]
[Site "?"]
[Date "2003.??.??"]
[Round "?"]
[White "Balabaev, Farit Gasisovich"]
[Black "Oliveira, Marcio Barbosa"]
[Result "1/2-1/2"]
[WhiteElo "2604"]
[BlackElo "2551"]
[PlyCount "38"]
[EventDate "2003.??.??"]
[EventType "corr"]
[SourceDate "2004.06.03"]

1. e4 c5 2. Nf3 Nc6 3. d4 cxd4 4. Nxd4 Nf6 5. Nc3 e5 6. Ndb5 d6 7. Bg5 a6 8.
Na3 b5 9. Bxf6 gxf6 10. Nd5 Bg7 11. Bd3 Ne7 12. Nxe7 Qxe7 13. c4 f5 14. O-O O-O
15. Qf3 Re8 16. Rfe1 b4 17. Nc2 f4 18. Nxb4 Qh4 19. Be2 Re6 1/2-1/2

[Event "Batik Memorial"]
[Site "?"]
[Date "2003.??.??"]
[Round "?"]
[White "Chytilek, Roman"]
[Black "Balabaev, Farit Gasisovich"]
[Result "1-0"]
[WhiteElo "2598"]
[BlackElo "2602"]
[PlyCount "73"]
[EventDate "2003.??.??"]
[EventType "corr"]
[SourceDate "2004.06.03"]

1. d4 d5 2. c4 c6 3. Nc3 Nf6 4. e3 e6 5. Nf3 Nbd7 6. Bd3 dxc4 7. Bxc4 b5 8. Bd3
Bb7 9. O-O b4 10. Ne4 Be7 11. Nxf6+ Nxf6 12. e4 O-O 13. Qe2 c5 14. dxc5 Nd7 15.
c6 Bxc6 16. Be3 Bb7 17. Rac1 Qa5 18. Bb5 Rfd8 19. Nd4 Bf6 20. Rfd1 Bxd4 21.
Rxd4 Nf8 22. Bc4 Rxd4 23. Bxd4 Rc8 24. Qe1 Ng6 25. Bb3 Rxc1 26. Qxc1 Qd8 27.
Qe3 a5 28. Bb6 Qf6 29. Bxa5 Qxb2 30. Bxb4 Nf4 31. Qd2 Qb1+ 32. Qd1 Bxe4 33. f3
Nd5 34. Bd6 Qxd1+ 35. Bxd1 Bd3 36. Kf2 f6 37. a4 1-0

[Event "Batik Memorial"]
[Site "?"]
[Date "2003.??.??"]
[Round "?"]
[White "Chytilek, Roman"]
[Black "Frey Beckman, Kenneth"]
[Result "1-0"]
[WhiteElo "2598"]
[BlackElo "2693"]
[PlyCount "79"]
[EventDate "2003.??.??"]
[EventType "corr"]
[SourceDate "2004.06.03"]

1. d4 d5 2. c4 e6 3. Nc3 Be7 4. cxd5 exd5 5. Bf4 Nf6 6. e3 Bf5 7. Nge2 O-O 8.
Rc1 c6 9. Ng3 Be6 10. Bd3 Nbd7 11. O-O Re8 12. Qb3 b5 13. Nf5 Bxf5 14. Bxf5 g6
15. Bh3 a5 16. Ne2 a4 17. Qd3 Qb6 18. Rc2 b4 19. Bxd7 Nxd7 20. Rfc1 Rac8 21. b3
axb3 22. axb3 Nf8 23. Bg3 Ne6 24. Nf4 Nxf4 25. Bxf4 Qb7 26. h3 Qb6 27. Qd1 Qb7
28. Qf3 Qa6 29. Be5 Bd8 30. h4 Bxh4 31. Qg4 Be7 32. Qd7 Qa3 33. Rxc6 Qxc1+ 34.
Rxc1 Rxc1+ 35. Kh2 Rcc8 36. Qxd5 Bf8 37. Qb5 Re6 38. f4 Ra8 39. d5 Rea6 40. e4
1-0

[Event "Batik Memorial"]
[Site "?"]
[Date "2003.??.??"]
[Round "?"]
[White "Chytilek, Roman"]
[Black "Maliangkay, Rudolf J"]
[Result "1-0"]
[WhiteElo "2598"]
[BlackElo "2580"]
[PlyCount "93"]
[EventDate "2003.??.??"]
[EventType "corr"]
[SourceDate "2004.06.03"]

1. d4 Nf6 2. c4 e6 3. Nc3 Bb4 4. Qc2 d5 5. cxd5 exd5 6. Bg5 c5 7. dxc5 h6 8.
Bxf6 Qxf6 9. e3 O-O 10. Nge2 Be6 11. a3 Bxc5 12. Nf4 Rc8 13. Nfxd5 Bxd5 14.
Nxd5 Qe5 15. Qb3 Nc6 16. Be2 Na5 17. Qa2 Bd6 18. Nc3 Rc5 19. Rd1 Rac8 20. g3
Nc4 21. Bxc4 Rxc4 22. O-O Qe6 23. Nb5 Bb8 24. Rd2 a6 25. Nd4 Qe4 26. Qb1 Qxb1
27. Rxb1 g6 28. Rbd1 Kg7 29. Kg2 b5 30. f4 Re8 31. Kf3 h5 32. Rc2 Ba7 33. Rdd2
Rec8 34. Rxc4 bxc4 35. Rc2 Bb6 36. h3 f5 37. Ne6+ Kf6 38. Ng5 a5 39. a4 Rc7 40.
Ke2 Re7 41. Rc3 h4 42. gxh4 Bd4 43. Rxc4 Bxb2 44. Rc5 Ra7 45. h5 gxh5 46. Nf3
Ba3 47. Rb5 1-0

[Event "Batik Memorial"]
[Site "?"]
[Date "2003.??.??"]
[Round "?"]
[White "Chytilek, Roman"]
[Black "Marczell, Peter"]
[Result "1/2-1/2"]
[WhiteElo "2598"]
[BlackElo "2596"]
[PlyCount "99"]
[EventDate "2003.??.??"]
[EventType "corr"]
[SourceDate "2004.06.03"]

1. e4 e5 2. Nf3 Nc6 3. Bb5 a6 4. Ba4 Nf6 5. O-O Be7 6. Re1 b5 7. Bb3 d6 8. c3
O-O 9. h3 Bb7 10. d4 Re8 11. Nbd2 Bf8 12. a3 h6 13. Bc2 Nb8 14. b3 Nbd7 15. Bb2
g6 16. a4 Bg7 17. Bd3 c6 18. Qc2 Rc8 19. Bf1 Nh5 20. axb5 cxb5 21. d5 Rf8 22.
Ba3 Nc5 23. c4 f5 24. Bb4 Rf7 25. Ra2 Nf4 26. g3 Nh5 27. Kg2 Nf6 28. exf5 gxf5
29. Nh4 e4 30. Bxc5 Rxc5 31. Qd1 bxc4 32. bxc4 e3 33. Ndf3 exf2 34. Rxf2 Ne4
35. Rc2 Bc8 36. Bd3 Qd7 37. Rce2 Ra5 38. Qb3 Ra1 39. Rxa1 Bxa1 40. Qb6 Rg7 41.
Bxe4 fxe4 42. Rxe4 Qxh3+ 43. Kf2 Be5 44. Rxe5 dxe5 45. Ng6 e4 46. Qd8+ Kh7 47.
Nf8+ Kh8 48. Nd7+ Rg8 49. Qf6+ Rg7 50. Qf8+ 1/2-1/2

[Event "Batik Memorial"]
[Site "?"]
[Date "2003.??.??"]
[Round "?"]
[White "Chytilek, Roman"]
[Black "Mrkvicka, Josef"]
[Result "1/2-1/2"]
[WhiteElo "2598"]
[BlackElo "2513"]
[PlyCount "121"]
[EventDate "2003.??.??"]
[EventType "corr"]
[SourceDate "2004.06.03"]

1. e4 d6 2. d4 Nf6 3. Nc3 c6 4. f4 Qa5 5. Bd3 e5 6. Nf3 Bg4 7. Be3 Nbd7 8. O-O
Be7 9. h3 Bxf3 10. Qxf3 O-O 11. Ne2 c5 12. fxe5 dxe5 13. d5 Ne8 14. Ng3 Nd6 15.
c4 Qd8 16. Qg4 Nf6 17. Qe2 Qc7 18. Rf3 a6 19. Raf1 Nd7 20. Nf5 Nxf5 21. Rxf5
Qd6 22. Qf2 f6 23. Qg3 b5 24. Be2 Rfb8 25. Bh6 Bf8 26. b3 Kh8 27. Bd2 Be7 28.
Qg4 b4 29. h4 a5 30. Bd1 Rg8 31. Qh3 a4 32. R5f2 axb3 33. axb3 Ra7 34. Bc1 Rga8
35. g4 Ra2 36. Rxa2 Rxa2 37. g5 Ra8 38. Qg2 Nf8 39. gxf6 Bxf6 40. h5 h6 41. Qg4
Be7 42. Qf5 Qc7 43. Kh1 Nh7 44. Qg6 Nf8 45. Qg2 Bd6 46. Bg4 Qe7 47. Qh3 Nh7 48.
Bf5 Ra2 49. Be3 Nf6 50. Rf3 Ra1+ 51. Kg2 Ra2+ 52. Bf2 Qd8 53. Bg6 Rc2 54. Qe6
Qf8 55. Kf1 Rc1+ 56. Be1 Ra1 57. Ke2 Ra2+ 58. Bd2 Qe7 59. Qc8+ Qf8 60. Qh3 Qd8
61. Qf5 1/2-1/2

[Event "Batik Memorial"]
[Site "?"]
[Date "2003.??.??"]
[Round "?"]
[White "Chytilek, Roman"]
[Black "Nyvlt, Zdenek"]
[Result "1-0"]
[WhiteElo "2598"]
[BlackElo "2635"]
[PlyCount "73"]
[EventDate "2003.??.??"]
[EventType "corr"]
[SourceDate "2004.06.03"]

1. e4 d6 2. d4 Nf6 3. Nc3 g6 4. Be3 c6 5. h3 Bg7 6. f4 Qb6 7. Qc1 O-O 8. Nf3
Nh5 9. Kf2 Qc7 10. e5 Bh8 11. g4 Ng7 12. Bd3 Nd7 13. h4 dxe5 14. dxe5 Ne6 15.
Ne4 Nb6 16. h5 Nd5 17. f5 Bxe5 18. fxe6 Bxe6 19. Rh4 Rad8 20. g5 Bg7 21. Bd4
Bxd4+ 22. Nxd4 Bf5 23. Nxf5 gxf5 24. Nc3 e6 25. Nxd5 cxd5 26. Qe3 d4 27. Qd2
Kh8 28. Rg1 Rg8 29. g6 Qe7 30. Rhh1 Rg7 31. Qh6 Qf6 32. Qf4 Rf8 33. gxf7 e5 34.
Rg6 Qe7 35. Qg3 Rfxf7 36. Rg1 hxg6 37. hxg6 1-0

[Event "Batik Memorial"]
[Site "?"]
[Date "2003.??.??"]
[Round "?"]
[White "Chytilek, Roman"]
[Black "Oliveira, Marcio Barbosa"]
[Result "1/2-1/2"]
[WhiteElo "2598"]
[BlackElo "2551"]
[PlyCount "99"]
[EventDate "2003.??.??"]
[EventType "corr"]
[SourceDate "2004.06.03"]

1. Nf3 Nf6 2. c4 e6 3. Nc3 c5 4. g3 Be7 5. Bg2 O-O 6. O-O d5 7. cxd5 exd5 8. d4
Nc6 9. Bg5 cxd4 10. Nxd4 h6 11. Be3 Re8 12. Qa4 Bd7 13. Rfd1 Na5 14. Qc2 Nc4
15. Nxd5 Nxd5 16. Bxd5 Nxe3 17. fxe3 Bg5 18. e4 Qf6 19. Kh1 Bh3 20. Qb3 Rad8
21. Qf3 Be6 22. Bxe6 fxe6 23. Qxf6 Bxf6 24. Nf3 Bxb2 25. Rxd8 Rxd8 26. Rb1 Bd4
27. Rxb7 Bb6 28. Kg2 Rd1 29. Rb8+ Kh7 30. Rc8 g5 31. Kh3 Ra1 32. Rc2 Kg6 33.
Ne5+ Kf6 34. Nd7+ Kg6 35. Nxb6 axb6 36. Rb2 h5 37. Kg2 g4 38. h4 gxh3+ 39. Kxh3
Kg5 40. Kg2 Kg4 41. Kf2 h4 42. gxh4 Kxh4 43. Ke3 e5 44. Kd3 Kg5 45. Kc4 Kf4 46.
Kd5 Rd1+ 47. Kc6 Kxe4 48. Kxb6 Rd8 49. Rc2 Ra8 50. Kb5 1/2-1/2

[Event "Batik Memorial"]
[Site "?"]
[Date "2003.??.??"]
[Round "?"]
[White "Costa, Carlos Evanir"]
[Black "Balabaev, Farit Gasisovich"]
[Result "1-0"]
[WhiteElo "2688"]
[BlackElo "2604"]
[PlyCount "39"]
[EventDate "2003.??.??"]
[EventType "corr"]
[SourceDate "2004.06.03"]

1. e4 c5 2. Nf3 Nc6 3. Nc3 e5 4. Bc4 d6 5. d3 Be7 6. Nd2 Bg5 7. h4 Bxd2+ 8.
Bxd2 Nf6 9. O-O O-O 10. f4 Bg4 11. Qe1 exf4 12. Bxf4 Nh5 13. Bh2 Ne5 14. Bb3
Rc8 15. Nd5 Be6 16. Ne3 Nf6 17. Bxe5 dxe5 18. Qg3 Re8 19. Ba4 Nd7 20. Rf3 1-0

[Event "Batik Memorial"]
[Site "?"]
[Date "2003.??.??"]
[Round "?"]
[White "Costa, Carlos Evanir"]
[Black "Chytilek, Roman"]
[Result "1/2-1/2"]
[WhiteElo "2688"]
[BlackElo "2598"]
[PlyCount "32"]
[EventDate "2003.??.??"]
[EventType "corr"]
[SourceDate "2004.06.03"]

1. Nf3 d5 2. d4 Nf6 3. c4 e6 4. Nc3 Be7 5. Bg5 h6 6. Bh4 O-O 7. cxd5 Nxd5 8.
Bxe7 Qxe7 9. Qb3 Nxc3 10. Qxc3 b6 11. e3 Bb7 12. Be2 Nd7 13. O-O c5 14. Rac1
Rfd8 15. Rfd1 Rac8 16. dxc5 Nxc5 1/2-1/2

[Event "Batik Memorial"]
[Site "?"]
[Date "2003.??.??"]
[Round "?"]
[White "Costa, Carlos Evanir"]
[Black "Frey Beckman, Kenneth"]
[Result "1/2-1/2"]
[WhiteElo "2688"]
[BlackElo "2693"]
[PlyCount "51"]
[EventDate "2003.??.??"]
[EventType "corr"]
[SourceDate "2004.06.03"]

1. Nf3 d5 2. d4 Nf6 3. c4 e6 4. Nc3 Be7 5. Qc2 c5 6. cxd5 cxd4 7. Nxd4 O-O 8.
Bg5 Nxd5 9. Bxe7 Nxe7 10. Rd1 Qb6 11. Qb3 Qa5 12. e3 a6 13. Qc4 Nbc6 14. Nb3
Qc7 15. Be2 Bd7 16. O-O Rfd8 17. Rd2 Be8 18. Rfd1 Rxd2 19. Rxd2 Rd8 20. Rxd8
Qxd8 21. Nc5 Qb6 22. Nd3 Qd8 23. Qb3 b6 24. Qc4 a5 25. Bf3 Na7 26. h3 1/2-1/2

[Event "Batik Memorial"]
[Site "?"]
[Date "2003.??.??"]
[Round "?"]
[White "Costa, Carlos Evanir"]
[Black "Maliangkay, Rudolf J"]
[Result "1/2-1/2"]
[WhiteElo "2688"]
[BlackElo "2581"]
[PlyCount "69"]
[EventDate "2003.??.??"]
[EventType "corr"]
[SourceDate "2004.06.03"]

1. Nf3 Nf6 2. c4 e6 3. Nc3 d5 4. d4 Be7 5. Qc2 O-O 6. cxd5 exd5 7. Bg5 c5 8.
dxc5 Qa5 9. e3 Qxc5 10. Rd1 Nc6 11. a3 Be6 12. b4 Qd6 13. Bf4 Qd7 14. Be2 Rac8
15. Qb2 Rfd8 16. O-O Bd6 17. Bxd6 Qxd6 18. Nb5 Qe7 19. Nbd4 Ne4 20. Rc1 Qf6 21.
Bb5 Nxd4 22. Qxd4 Qxd4 23. Nxd4 Nc3 24. Bd3 Bd7 25. f3 h6 26. Kf2 Kf8 27. Ke1
Na4 28. Kd2 Nb6 29. Rc5 Rxc5 30. bxc5 Na4 31. Nb3 Rc8 32. Rc1 Ke7 33. Bf1 b6
34. cxb6 axb6 35. Rxc8 1/2-1/2

[Event "Batik Memorial"]
[Site "?"]
[Date "2003.??.??"]
[Round "?"]
[White "Costa, Carlos Evanir"]
[Black "Marczell, Peter"]
[Result "1/2-1/2"]
[WhiteElo "2688"]
[BlackElo "2596"]
[PlyCount "68"]
[EventDate "2003.??.??"]
[EventType "corr"]
[SourceDate "2004.06.03"]

1. e4 e5 2. Nf3 Nc6 3. Bb5 a6 4. Ba4 Nf6 5. O-O Be7 6. Re1 b5 7. Bb3 d6 8. c3
O-O 9. h3 Bb7 10. d4 Re8 11. Nbd2 Bf8 12. d5 Nb8 13. Nf1 Nbd7 14. Ng3 h6 15.
Nf5 Kh7 16. a3 g6 17. Ng3 Qe7 18. h4 Bg7 19. Ba2 c6 20. dxc6 Bxc6 21. h5 Nxh5
22. Nxh5 gxh5 23. g3 Nf6 24. Nh4 Qd7 25. Qf3 Rad8 26. Nf5 d5 27. Nxg7 Kxg7 28.
exd5 Bxd5 29. Bxh6+ Kg6 30. Bb1+ e4 31. Qf4 Qg4 32. f3 Qxf4 33. Bxf4 Kg7 34.
fxe4 Bxe4 1/2-1/2

[Event "Batik Memorial"]
[Site "?"]
[Date "2003.??.??"]
[Round "?"]
[White "Costa, Carlos Evanir"]
[Black "Michalek, Miroslav"]
[Result "1/2-1/2"]
[WhiteElo "2668"]
[BlackElo "2447"]
[PlyCount "54"]
[EventDate "2003.??.??"]
[EventType "corr"]
[SourceDate "2004.06.03"]

1. e4 c5 2. Nf3 Nc6 3. Nc3 Nf6 4. Bb5 Qc7 5. O-O Nd4 6. Re1 a6 7. Bf1 e5 8. d3
Be7 9. Bg5 d6 10. Bxf6 Bxf6 11. Nd5 Qd8 12. c3 Nxf3+ 13. Qxf3 Be6 14. Nxf6+
Qxf6 15. Qxf6 gxf6 16. f4 Ke7 17. f5 Bd7 18. Re3 Bc6 19. d4 cxd4 20. cxd4 Rac8
21. d5 Ba4 22. Ra3 Bc2 23. Re1 Rhg8 24. Rae3 Ba4 25. Bd3 h6 26. R1e2 Rc1+ 27.
Kf2 Rgc8 1/2-1/2

[Event "Batik Memorial"]
[Site "?"]
[Date "2003.??.??"]
[Round "?"]
[White "Costa, Carlos Evanir"]
[Black "Oliveira, Marcio Barbosa"]
[Result "1-0"]
[WhiteElo "2688"]
[BlackElo "2551"]
[PlyCount "69"]
[EventDate "2003.??.??"]
[EventType "corr"]
[SourceDate "2004.06.03"]

1. e4 c5 2. Nf3 Nc6 3. Nc3 d6 4. d4 cxd4 5. Nxd4 Nf6 6. Bg5 e5 7. Bxf6 gxf6 8.
Nf5 Bxf5 9. exf5 Rc8 10. Nd5 Qa5+ 11. c3 Bg7 12. Bc4 Ne7 13. Bb3 Nxd5 14. Bxd5
O-O 15. O-O Qb5 16. c4 Qd7 17. Qh5 b5 18. b3 bxc4 19. bxc4 Rb8 20. Rac1 a5 21.
Rc3 h6 22. Rg3 Kh7 23. h3 Bh8 24. Rg4 Qe7 25. Rh4 Bg7 26. Re1 Rfc8 27. Re3 Qf8
28. Rg3 Kh8 29. Rhg4 Rc7 30. Rxg7 Qxg7 31. Rxg7 Rb1+ 32. Kh2 Kxg7 33. Qg4+ Kf8
34. Qh4 Kg7 35. Qg3+ 1-0

[Event "Batik Memorial"]
[Site "?"]
[Date "2003.??.??"]
[Round "?"]
[White "Frey Beckman, Kenneth"]
[Black "Hiltunen, Reijo"]
[Result "1/2-1/2"]
[WhiteElo "2693"]
[BlackElo "2519"]
[PlyCount "85"]
[EventDate "2003.??.??"]
[EventType "corr"]
[SourceDate "2004.06.03"]

1. d4 Nf6 2. c4 e6 3. Nf3 b6 4. g3 Ba6 5. b3 Bb4+ 6. Bd2 Be7 7. Bg2 c6 8. Bc3
d5 9. Ne5 Nfd7 10. Nxd7 Nxd7 11. Nd2 O-O 12. O-O Rc8 13. e4 c5 14. exd5 exd5
15. dxc5 dxc4 16. c6 cxb3 17. Re1 b2 18. Bxb2 Nc5 19. Ba3 Bf6 20. Rc1 Bg5 21.
Rc2 Bb5 22. Nb3 Qxd1 23. Rxd1 Bxc6 24. Nxc5 Bxg2 25. Kxg2 Be7 26. Rd7 Bxc5 27.
Bxc5 Rxc5 28. Rxc5 bxc5 29. Rc7 Re8 30. Rxc5 Kf8 31. Kf3 Rd8 32. Ra5 Rd7 33. g4
f6 34. h4 Re7 35. Kf4 g6 36. f3 Kg7 37. a3 Kf7 38. a4 Rb7 39. Ke4 h5 40. Kf4
hxg4 41. Kxg4 Rb4+ 42. f4 Kg7 43. Rxa7+ 1/2-1/2

[Event "Batik Memorial"]
[Site "?"]
[Date "2003.??.??"]
[Round "?"]
[White "Frey Beckman, Kenneth"]
[Black "Maliangkay, Rudolf J"]
[Result "0-1"]
[WhiteElo "2693"]
[BlackElo "2581"]
[PlyCount "70"]
[EventDate "2003.??.??"]
[EventType "corr"]
[SourceDate "2004.06.03"]

1. d4 Nf6 2. c4 e6 3. Nf3 d5 4. Nc3 Be7 5. Bf4 O-O 6. e3 c5 7. dxc5 Bxc5 8. a3
Nc6 9. Qc2 Qa5 10. Nd2 Be7 11. Bg3 Qb6 12. b4 d4 13. Na4 Qd8 14. b5 dxe3 15.
fxe3 Nb8 16. Bd3 Ng4 17. Bxh7+ Kh8 18. Be4 f5 19. Bf3 Nxe3 20. Qb3 Bf6 21. Rb1
Bd4 22. Bf4 Ng4 23. h3 Ne5 24. c5 Nbd7 25. Be2 Qc7 26. Rc1 Nd3+ 27. Qxd3 Qxf4
28. Rf1 Qe5 29. Nb3 Be3 30. Rc2 Rd8 31. Rf3 Bg5 32. g3 Qf6 33. Qc3 Qg6 34. c6
Nf6 35. c7 Rd7 0-1

[Event "Batik Memorial"]
[Site "?"]
[Date "2003.??.??"]
[Round "?"]
[White "Frey Beckman, Kenneth"]
[Black "Marczell, Peter"]
[Result "1/2-1/2"]
[WhiteElo "2693"]
[BlackElo "2596"]
[PlyCount "62"]
[EventDate "2003.??.??"]
[EventType "corr"]
[SourceDate "2004.06.03"]

1. d4 Nf6 2. c4 e6 3. Nf3 b6 4. g3 Bb7 5. Bg2 Be7 6. O-O O-O 7. Nc3 Ne4 8. Bd2
f5 9. Qc2 Bf6 10. Rad1 Nxc3 11. Bxc3 Be4 12. Qd2 d6 13. d5 Bxc3 14. Qxc3 e5 15.
Bh3 f4 16. Nh4 h6 17. f3 Bh7 18. Ng2 fxg3 19. hxg3 Nd7 20. Be6+ Kh8 21. f4 exf4
22. gxf4 Be4 23. Rd4 Nc5 24. Qe3 Bxg2 25. Kxg2 Qe8 26. Rf3 Qg6+ 27. Rg3 Qb1 28.
b4 Nxe6 29. dxe6 Rae8 30. Qe4 Qxe4+ 31. Rxe4 a5 1/2-1/2

[Event "Batik Memorial"]
[Site "?"]
[Date "2003.??.??"]
[Round "?"]
[White "Frey Beckman, Kenneth"]
[Black "Mrkvicka, Josef"]
[Result "1-0"]
[WhiteElo "2693"]
[BlackElo "2513"]
[PlyCount "155"]
[EventDate "2003.??.??"]
[EventType "corr"]
[SourceDate "2004.06.03"]

1. d4 d5 2. c4 e6 3. Nc3 Nf6 4. Bg5 Be7 5. e3 O-O 6. Rc1 h6 7. Bh4 b6 8. cxd5
Nxd5 9. Nxd5 exd5 10. Bxe7 Qxe7 11. Bd3 Rd8 12. Ne2 c5 13. O-O Ba6 14. b3 Bxd3
15. Qxd3 Nd7 16. dxc5 Nxc5 17. Qf5 Qe4 18. Ng3 Qxf5 19. Nxf5 Kf8 20. Rfd1 a5
21. g4 Rac8 22. Kg2 Rc7 23. h4 Rcd7 24. h5 Re8 25. Rc3 Re4 26. f3 Re5 27. a3 g6
28. f4 Re4 29. Nd4 g5 30. b4 axb4 31. axb4 Ne6 32. Rc8+ Kg7 33. Nf5+ Kh7 34.
Ra1 Ng7 35. Ng3 Re8 36. Rxe8 Nxe8 37. fxg5 hxg5 38. Nf5 Ng7 39. Rf1 Ne8 40. Rc1
Ng7 41. Nd4 Ne6 42. Nxe6 fxe6 43. Rc6 d4 44. Kf2 Rf7+ 45. Kg3 dxe3 46. Rxb6 Rf4
47. Rxe6 Rxb4 48. Rxe3 Rb6 49. Re5 Kh6 50. Kf3 Rb3+ 51. Re3 Rb6 52. Re4 Ra6 53.
Rd4 Re6 54. Rd5 Re1 55. Rd6+ Kh7 56. Rg6 Re5 57. Kf2 Kh8 58. Rf6 Ra5 59. Rf5
Ra2+ 60. Kf3 Ra3+ 61. Kf2 Ra2+ 62. Ke3 Ra3+ 63. Kd2 Ra2+ 64. Kc3 Ra3+ 65. Kb4
Rg3 66. Rxg5 Kh7 67. Kc4 Rg1 68. Kd4 Ra1 69. Ke3 Ra3+ 70. Kf4 Ra4+ 71. Kg3 Ra3+
72. Kh4 Ra4 73. Rd5 Ra7 74. g5 Ra4+ 75. Kg3 Ra7 76. Kg4 Rb7 77. h6 Kg6 78. Rd6+
1-0

[Event "Batik Memorial"]
[Site "?"]
[Date "2003.??.??"]
[Round "?"]
[White "Frey Beckman, Kenneth"]
[Black "Nyvlt, Zdenek"]
[Result "1/2-1/2"]
[WhiteElo "2693"]
[BlackElo "2635"]
[PlyCount "108"]
[EventDate "2003.??.??"]
[EventType "corr"]
[SourceDate "2004.06.03"]

1. d4 Nf6 2. c4 e6 3. Nf3 b6 4. g3 Ba6 5. b3 Bb4+ 6. Bd2 Be7 7. Bg2 c6 8. Bc3
d5 9. Ne5 Nfd7 10. Nxd7 Nxd7 11. Nd2 O-O 12. O-O Nf6 13. e4 b5 14. Re1 bxc4 15.
bxc4 dxc4 16. Rb1 Qc7 17. Qa4 Bb5 18. Qc2 Rfd8 19. a4 Ba6 20. Ba1 c5 21. d5
exd5 22. exd5 Nxd5 23. Nxc4 Rac8 24. Be4 g6 25. Rbd1 Nb4 26. Qc3 f6 27. Ne3
Rxd1 28. Qb3+ Kf8 29. Qxd1 Bb7 30. Qg4 Rd8 31. h4 Bxe4 32. Qxe4 Qc6 33. Qf4 Qd6
34. Qh6+ Kg8 35. Ng4 Nd5 36. Qc1 Qc6 37. h5 Qxa4 38. Nh6+ Kf8 39. Nf7 Kxf7 40.
Qh6 Ke8 41. Qxh7 Kd7 42. Bxf6 Re8 43. Bh4 Qb4 44. Rd1 Qb3 45. Ra1 a5 46. hxg6
Qc3 47. Rf1 Qd3 48. Qh5 Qe4 49. g7 Rg8 50. Rd1 Ke6 51. Qh8 Kf7 52. Qh5+ Kxg7
53. Qxd5 Qxd5 54. Rxd5 Bxh4 1/2-1/2

[Event "Batik Memorial"]
[Site "?"]
[Date "2003.??.??"]
[Round "?"]
[White "Frey Beckman, Kenneth"]
[Black "Oliveira, Marcio Barbosa"]
[Result "1/2-1/2"]
[WhiteElo "2693"]
[BlackElo "2551"]
[PlyCount "24"]
[EventDate "2003.??.??"]
[EventType "corr"]
[SourceDate "2004.06.03"]

1. d4 Nf6 2. c4 g6 3. Nc3 d5 4. Nf3 Bg7 5. Qb3 dxc4 6. Qxc4 O-O 7. e4 Bg4 8.
Be3 Nfd7 9. Rd1 Nb6 10. Qc5 e5 11. dxe5 N8d7 12. Qa3 Qc8 1/2-1/2

[Event "Batik Memorial"]
[Site "?"]
[Date "2003.??.??"]
[Round "?"]
[White "Frey Beckman, Kenneth"]
[Black "Voyna, Alexander"]
[Result "1-0"]
[WhiteElo "2693"]
[BlackElo "2618"]
[PlyCount "93"]
[EventDate "2003.??.??"]
[EventType "corr"]
[SourceDate "2004.06.03"]

1. d4 Nf6 2. c4 g6 3. Nc3 d5 4. Nf3 Bg7 5. Qb3 dxc4 6. Qxc4 O-O 7. e4 Na6 8.
Be2 c5 9. d5 e6 10. O-O exd5 11. exd5 Bf5 12. Be3 Qb6 13. b3 Rfe8 14. Rad1 Ng4
15. Bd2 Ne5 16. Nxe5 Bxe5 17. Be3 Qa5 18. Rc1 Rac8 19. Rfd1 Nb4 20. d6 Red8 21.
Bg4 Qa6 22. Bxf5 Qxc4 23. bxc4 gxf5 24. Nd5 Nxd5 25. Rxd5 Bxd6 26. Bg5 f6 27.
Bxf6 Bf4 28. Bxd8 Bxc1 29. Kf1 Bb2 30. a4 b6 31. Ke2 Kg7 32. Kf3 Bd4 33. Rd7+
Kg6 34. Rd6+ Kg7 35. Kf4 Bxf2 36. Kxf5 Bd4 37. Rd7+ Kg8 38. g4 Rb8 39. Be7 a6
40. Rd8+ Rxd8 41. Bxd8 Bg1 42. h3 b5 43. axb5 axb5 44. cxb5 c4 45. b6 c3 46. b7
Bh2 47. Ke6 1-0